Online Catalogue and eLibrary

Women and religion in early America : (Record no. 787)

MARC details
000 -LEADER
fixed length control field 00481nam a2200169Ia 4500
005 - DATE AND TIME OF LATEST TRANSACTION
control field 20240717041435.0
008 - FIXED-LENGTH DATA ELEMENTS--GENERAL INFORMATION
fixed length control field 240331s9999 xx 000 0 und d
020 ## - INTERNATIONAL STANDARD BOOK NUMBER
ISBN 0415194482
082 ## - DDC Classification
Class No. 200.042
Item Number - Author Mark WES
100 ## - MAIN ENTRY--PERSONAL NAME
Personal name Westerkamp, M.J
245 #0 - TITLE STATEMENT
Title Women and religion in early America :
Remainder of title 1600-1850 the puritan and evangelical traditions
260 ## - PUBLICATION, DISTRIBUTION, ETC.
Place of publication, distribution, etc. London
Name of publisher, distributor, etc. Routledge
Date of publication, distribution, etc. 1999
300 ## - PHYSICAL DESCRIPTION
Extent (e.g. Volumes, Pages etc.) ix, 219 p .,
650 ## - SUBJECT ADDED ENTRY--TOPICAL TERM
Topical term or geographic name entry element Woman in Christianity
650 ## - SUBJECT ADDED ENTRY--TOPICAL TERM
Topical term or geographic name entry element Church History
942 ## - Koha item type (Biblio)
Koha item type Books in Stacks (Lending)
Holdings
Lost status Damaged status Collection code Home library Current library Shelving location Date acquired Full call number Accession Number Item type
    Lending WERC Library WERC Library Social Science Cupboard 03/31/2024 200.042 WES 2797 Books in Stacks (Lending)

© WERC Library